Policía y ladrón [juego] /
Guardado en:
| Formato: | Objeto Físico |
|---|---|
| Publicado: |
Argentina :
Lugano toys,
[200?]
|
| Materias: | |
| Etiquetas: |
Agregar Etiqueta
Sin Etiquetas, Sea el primero en etiquetar este registro!
|
| LEADER | 00787nrm a22001455g 4500 | ||
|---|---|---|---|
| 001 | CEM.cems019454 | ||
| 008 | 130507b200?##################0###0#####d | ||
| 005 | 20220830183951.0 | ||
| 245 | 0 | 0 | |a Policía y ladrón [juego] / |c Estanciero. |
| 260 | |a Argentina : |b Lugano toys, |c [200?] | ||
| 300 | |a 1 juego (1 tablero, 1 dado, 10 fichas para el recorrido sobre el tablero: 4 ladrones, 5 policías, 1 auto policial., 60 Billetes) ; en caja 45 x 27 x 4 cm. + instrucciones. | ||
| 500 | |a Para 2 a 5 jugadores a partir de 7 años y adultos objetivo: misión del ladrón, robar el dinero y escaparse de la ciudad; misión del policía, capturar al ladrón y recuperar el dinero. | ||
| 082 | 0 | 4 | |a J795 |
| 653 | |a 1. juegos de recorrido y manejo de dinero | ||
| 859 | |a CEMS |b BIB. CEMS - Ludoteca |h J795 |i Es83 |p 256.00 |t Ej.1 | ||
